000 00529nam a2200193Ia 4500
005 20231209113454.0
008 131103s9999 xx 000 0 und d
020 _a8172450109
_cRs.80
040 _aLoreto College
041 _aEnglish
082 _a428
_bPHI
100 _aPhillip,Sam
245 _aCommon Mistake in English,
_cSam Phillip
260 _aNew Delhi
_bGoodwill Publishing House
_c[19 -?]
300 _a280 p.
_b ill.
650 _aMistakes In English - Communicative English
850 _aLCLIB
942 _cBK
999 _c7131
_d57610